ILLIT all songs(May 2026 update) - Statistics

General Stats
  • This quiz has been taken 543 times
    9 since last reset
  • The average score is 22 of 30
Answer Stats
Hint Answer % Correct
SUPER REAL ME Lucky Girl Syndrome
100%
SUPER REAL ME Magnetic
100%
NOT CUTE ANYMORE NOT CUTE ANYMORE
100%
I’LL LIKE YOU Cherish (My Love)
83%
bomb Do the Dance
83%
I’LL LIKE YOU IYKYK (If You Know You Know)
83%
bomb jellyous
83%
MAMIHLAPINATAPAI Mamihlapinatapai
83%
SUPER REAL ME Midnight Fiction
83%
SUPER REAL ME My World
83%
NOT CUTE ANYMORE NOT ME
83%
bomb oops!
83%
I’LL LIKE YOU Pimple
83%
#2 Japanese digital single Sunday Morning
83%
I’LL LIKE YOU Tick-Tack
83%
Toki Yo Tomare Toki Yo Tomare
83%
Toki Yo Tomare Topping
83%
Japanese digital single Almond Chocolate
67%
MAMIHLAPINATAPAI GRWM (Get Ready With Me)
67%
I’LL LIKE YOU I’ll Like You
67%
MAMIHLAPINATAPAI It’s Me
67%
bomb little monster
67%
MAMIHLAPINATAPAI Love, older you
67%
bomb night picnic
67%
MAMIHLAPINATAPAI paw, paw!
67%
Other releases ALL FOR YOU, 2027
50%
#3 Japanese digital single Bubee
50%
Other releases Secret Quest
33%
Other releases See U Tonight
33%
Other releases Baby It’s Both
17%
No matching quizzes found
Score Distribution
Percent of People with Each Score
Percentile by Number Answered
Your Score History
You have not taken this quiz since the last reset